| 000 | 00707nam a2200229 i 4500 | ||
|---|---|---|---|
| 001 | bg | ||
| 100 | 1 | _aCHAŁON, Maria | |
| 245 | 1 | 0 |
_aSystemy baz danych : _bwprowadzenie / _cMaria Chałon. |
| 260 |
_aWrocław : _bOficyna Wydawnicza Politechniki Wrocławskiej, _c2001. |
||
| 300 |
_a157 s. : _bil. ; _c24 cm. |
||
| 504 | _aBibliogr. przy rozdz. | ||
| 650 | 9 |
_aBaza danych _xbudowa i organizacja |
|
| 655 | _aPodręczniki akademickie | ||
| 020 | _a8370855369 | ||
| 040 | _cBPK | ||
| 041 | 0 | _apl | |
| 080 | _a004.65(075.8) | ||
| 920 | _a83-7085-536-9 | ||
| 942 | _cKS | ||
| 008 | s pl f |000 0 pol | ||
| 999 |
_c39746 _d39746 |
||
| 856 |
_uhttp://koha.tu.koszalin.pl/cgi-bin/koha/opac-detail.pl?biblionumber=39746 _yKatalog online BPK |
||